000 00645cam a22002051 4500
001 af 47003577
003 DLC
005 20260227110820.0
008 910507s1944 it cf 000 0 ita c
010 _aaf 47003577
035 _a(OCoLC)23711605
040 _aPrinceton univ. Library
_cCU
_dDLC
042 _apremarc
050 0 0 _aPQ4691
_b.A4 1944
100 1 _aFoscolo, Ugo,
_d1778-1827.
245 1 0 _aLettere d'amore,
_cnuovamente scelte a cura e con introduzione di Carlo Angeleri. 8 illustrazioni.
260 _aFirenze,
_bCya
_c[1944]
300 _a3 p. l., 11-264, [1] p., 3 l.
_bplates, ports.
_c19 cm.
700 1 _aAngeleri, Carla,
_eed.
999 _c2249
_d2249